00733nam a22001697a 4500003000900000008004100009020000900050040007100059082001700130100001700147245007800164260003400242300002600276505020300302650002400505650003400529AR-CdUCM190305b           ||||| |||| 00| 0 esp d  aISBN  aMUNICIPALIDAD PROVINCIAL DEL CUSCOcBIBLIOTECA MUNICIPAL DEL CUSCO  a848.8 /bV52  aVerne, Julio  aLos hijos del capitán Grant :bviaje alrededor del mundo /cJulio Verne  aBarcelona ;bProvenza,c1932.  a265 paginas ;c23 cm.  aLas minas del monte Alejandro -- Cuatro días de angustia -- Edén -- Historia retrospectiva -- Una disertación sobre canibalismo -- Hacia el peligro -- El lago Taupo -- La montaña sagrada ...  aNovela geográfica  aLa expedición circunnavega 